La discographie d'MC Solaar - Statistiques

Statistiques générales
  • Ce quiz a été pris 36 fois
    23 depuis la dernière actualisation
  • Le résultat moyen est 27 sur 155
Statistiques - réponses
Album Chanson % Correct
Qui sème le vent récolte le tempo Caroline
90%
Cinquième As Solaar pleure
81%
567 (inédits) Solaar pleure (Version symphonique)
81%
Qui sème le vent récolte le tempo Qui sème le vent récolte le tempo
76%
Qui sème le vent récolte le tempo Bouge de là
67%
Cinquième As Hasta la vista
67%
Cinquième As Hasta la vista (Intro)
67%
Géopoétique Sonotone
67%
Qui sème le vent récolte le tempo Victime de la mode
67%
Paradisiaque | Qui sème le vent récolte le tempo Intro
62%
Prose Combat Nouveau Western
62%
Prose Combat Obsolète
62%
Géopoétique Géopoétique
52%
Cinquième As La Belle et le Bad Boy
48%
Cinquième As RMI
48%
Prose Combat Prose combat
43%
Géopoétique EKSASSAUTE
38%
Prose Combat La Concubine de l'hémoglobine
38%
Mach 6 La vie est belle
38%
Cinquième As Lève-toi et rap
38%
Paradisiaque Paradisiaque
38%
Prose Combat Séquelles
38%
Chapitre 7 Da Vinci Claude
33%
Cinquième As Le Cinquième as
33%
Paradisiaque Les temps changent
33%
Cinquième As L'Homme qui voulait 3 milliards
33%
Chapitre 7 | Paradisiaque Outro
33%
Chapitre 7 | Triptyque : Lueurs célestes Carpe Diem
29%
Cinquième As Dégâts collatéraux
29%
Paradisiaque Gangster moderne
29%
Cinquième As L'aigle ne chasse pas les mouches
29%
Cinquième As Les Colonies
29%
Prose Combat À dix de mes disciples
24%
Géopoétique Aiwa
24%
Qui sème le vent récolte le tempo Armand est mort
24%
Cinquième As Baby Love
24%
Géopoétique Intronisation
24%
Géopoétique Les mirabelles
24%
Triptyque : Éclats cosmiques Okay
24%
Cinquième As Playmate
24%
Prose Combat À la claire fontaine
19%
Cinquième As Arkansas
19%
Prose Combat Aubade
19%
Mach 6 Au pays de Gandhi
19%
Prose Combat Dévotion
19%
Triptyque : Lueurs célestes Ils dansent
19%
Cinquième As La la la, la
19%
Géopoétique L'attrape-nigaud
19%
Cinquième As Si je meurs ce soir
19%
Prose Combat Superstarr
19%
Géopoétique Frozen Fire - Осторожно
14%
Mach 6 Hijo de Africa
14%
Chapitre 7 Impact avec le diable
14%
Géopoétique I Need Gloves
14%
Géopoétique Jane et Tarzan
14%
Géopoétique La clé
14%
Qui sème le vent récolte le tempo La Devise
14%
Prose Combat La fin justifie les moyens
14%
Qui sème le vent récolte le tempo L'Histoire de l'art
14%
Prose Combat L'NMIACCd'HTCK72KPDP
14%
Géopoétique On se lève
14%
Prose Combat Relations humaines
14%
Prose Combat Temps mort
14%
Triptyque : Balade astrale Benjamin B
10%
Triptyque : Éclats cosmiques Cinéma
10%
Prose Combat Dieu ait son âme
10%
Triptyque : Éclats cosmiques Dingue
10%
Mach 6 Guérilla
10%
Triptyque : Éclats cosmiques Himalaya
10%
Chapitre 7 IntrEau
10%
Cinquième As Introdiction
10%
Mach 6 Introspection
10%
Mach 6 Jardin d'Éden
10%
Géopoétique J.A.Z.Z - Kiffez l'âme
10%
Mach 6 Jumelles
10%
Paradisiaque Les boys bandent
10%
Triptyque : Lueurs célestes Modernidad
10%
Triptyque : Lueurs célestes Pierre-feuille
10%
Géopoétique Pili-pili
10%
Paradisiaque Protège-tibia
10%
Paradisiaque Quand le soleil devient froid
10%
Qui sème le vent récolte le tempo Quartier nord
10%
Qui sème le vent récolte le tempo Ragga jam
10%
Mach 6 Sauvez le monde
10%
Géopoétique Super Gainsbarre
10%
Mach 6 T'inquiète
10%
Mach 6 T'inquiète (intro)
10%
Géopoétique Adam et Ève
5%
Qui sème le vent récolte le tempo À temps partiel
5%
Chapitre 7 Avec les loups
5%
Triptyque : Balade astrale Bénédictions
5%
Chapitre 7 Ben oui !
5%
Mach 6 Bling bling
5%
Triptyque : Éclats cosmiques Candyman
5%
Mach 6 Cash money
5%
Cinquième As C'est ça que les gens veulent
5%
Chapitre 7 Clic clic
5%
Triptyque : Lueurs célestes Comptine
5%
Paradisiaque Dakota
5%
Paradisiaque Daydreamin
5%
Qui sème le vent récolte le tempo Funky Dreamer
5%
Triptyque : Balade astrale IA
5%
Paradisiaque Illico presto
5%
Qui sème le vent récolte le tempo Interlude
5%
Triptyque : Balade astrale James Brown
5%
MC Solaar Je me souviens
5%
Qui sème le vent récolte le tempo La Musique adoucit les Mœurs
5%
Chapitre 7 L'Auberge du Bouleau Blanc
5%
Géopoétique La venue du MC
5%
Paradisiaque Le 11e choc
5%
Triptyque : Balade astrale Le cœur d'abord
5%
Paradisiaque Le sens de la vie
5%
Paradisiaque Les pensées sont des flowers
5%
MC Solaar Les songes
5%
Triptyque : Balade astrale Maitre de cérémonie
5%
Qui sème le vent récolte le tempo Matière grasse contre matière grise
5%
Chapitre 7 Merci
5%
MC Solaar Message de l'ange
5%
Chapitre 7 Mollah Solaar (Remix)
5%
MC Solaar Nouvelle genèse
5%
MC Solaar Onzième commandement
5%
MC Solaar Perfect
5%
Triptyque : Balade astrale Révolution (Industrielle)
5%
Cinquième As Samedi Soir
5%
Mach 6 Today is a good day
5%
Paradisiaque Tournicoti
5%
Paradisiaque Wonderbra
5%
Géopoétique Zonmé des zombies
5%
Paradisiaque Zoom
5%
Chapitre 7 Au clair de la lune
0%
Triptyque : Lueurs célestes Big Data
0%
Mach 6 Ça me hante
0%
Chapitre 7 Coup d'œil dans le métro
0%
MC Solaar Galaktika
0%
567 (inédits) Hasta la Vista Mi Amor!
0%
567 (inédits) Hasta la Vista Mi Amor! (Intro)
0%
Cinquième As Hiphopaloorap
0%
Chapitre 7 In god we trust
0%
Mach 6 J'connais mon rôle
0%
MC Solaar La cinquième saison
0%
MC Solaar L'argent ne fait pas le bonheur
0%
MC Solaar La vie n'est qu'un moment
0%
Géopoétique Mephisto Iblis
0%
Triptyque : Éclats cosmiques Mytho
0%
Chapitre 7 Non merci
0%
Triptyque : Lueurs célestes On court
0%
Chapitre 7 Paris-Samba
0%
Chapitre 7 Si on t'demande
0%
Chapitre 7 Sous les palmiers
0%
Mach 6 Souvenir
0%
Triptyque : Éclats cosmiques Tout est vrai
0%
MC Solaar Vigipirap
0%
Aucun quiz correspondant
Distribution des résultats
% des personnes avec chaque résultat
Percentile par nombre de réponses
Votre historique - résultats
Vous n’avez pas pris ce quiz depuis la dernière actualisation